مكتبة جامعة عجلون الوطنية

فهرس بحث المكتبة

Normal view MARC view
  • تاريخ الأدب العربي-الادب العربي-تاريخ-ادب

Entry Topical Term

Number of records used in: 1

001 - CONTROL NUMBER

  • control field: 14407

003 - CONTROL NUMBER IDENTIFIER

  • control field: JO-AjAnu

005 - DATE AND TIME OF LATEST TRANSACTION

  • control field: 20230606072612.0

008 - FIXED-LENGTH DATA ELEMENTS

  • fixed length control field: 230606|| aca||aabn | a|a d

040 ## - CATALOGING SOURCE

  • Original cataloging agency: JO-AjAnu
  • Transcribing agency: JO-AjAnu

150 ## - HEADING--TOPICAL TERM

  • Topical term or geographic name entry element: تاريخ الأدب العربي-الادب العربي-تاريخ-ادب

670 ## - SOURCE DATA FOUND

  • Source citation: Work cat.: (JO-AjAnu)7402: ربيع،محمد أحمد, author 14406, في تاريخ الأدب العربيي القديم